| 000 | 00363nam a2200109Ia 4500 | ||
|---|---|---|---|
| 008 | 171211s9999 xx 000 0 und d | ||
| 245 | _aDimensions of Movement: From features to remnants | ||
| 245 | _cArtemis Alexiadou, Elena Anagnostopoulou, and Sjef Barbiers | ||
| 260 | _c2002 | ||
| 650 | _xPSYCHOLOGY | ||
| 856 | _uhttp://down.ebook777.com/063/9789027227690.pdf | ||
| 999 |
_c349255 _d349255 |
||